000 00532ntaaa2200193 4500
003 01
005 20251027202242.0
008 0714s1973 ag 01
040 _aAR-BaBN
_bspa
_cAR-BaBN
_eaacr
_dRIC
082 _a268.3000 Ed9
100 _aEdwards, Mary Alice Douty
_920897
245 _aLeadership development and the worker's conference
250 _a1 ed.
260 _aNashville :
_bAbingdon Press,
_cc1967
300 _a224 p
500 _aEl liderazgo en la educación cristiana
650 _aliderazgo
_91127
942 _cBK
999 _c17280
_d17280